00325nam a2200121Ia 4500008004100000041000800041082001600049100002000065245004500085260003800130300002400168365001100192240624s9999 xx 000 0 und d aeng a303.342 KOZ aKOZICKI STEPHEN aPERSUADING FOR RESULTS HOW TO BECOME A P c2013aNew DelhibTata McGraw-Hill a263 : p. : cm. ; 28 cRSb33